| 000 | 01206 a2200229 4500 | ||
|---|---|---|---|
| 001 | 47678 | ||
| 005 | 20260407155743.0 | ||
| 008 | 260407a1971 arg spa d | ||
| 003 | AR-UNSa-BCEJYS | ||
| 040 |
_aAR-UNSa-BCEJYS _bspa _cAR-UNSa-BCEJYS |
||
| 080 |
_a338.2 _xPolítica económica. Control de la economía. Gestión de la economía. Planificación económica |
||
| 245 | 1 | 0 |
_aEconomía Política _pun análisis marxista |
| 264 | 1 |
_aBuenos Aires : _bAmorrortu Editores _c1971 |
|
| 300 |
_a313 p. _c20 cm. |
||
| 505 | _a1. El capitalismo - 2. La producción de mercancías - 3. Los orígenes del capitalismo - 4. La esencia de la explotación capitalista - 5. El capital y la acumulación - 6. La distribución de la plusvalía - 7. La renta y el capitalismo en la agricultura - 8. Reproducción del capital y crisis - 9. El imperialismo y el capital financiero - 10. Producto nacional y su distribución - 11. El socialismo y el futuro del hombre. | ||
| 942 | _cBK | ||
| 590 | _aniveau_biblio:m niveau_hierar:0 | ||
| 100 | 1 | _aAbt, Diana | |
| 700 | 1 | _aEaton, John | |
| 700 | 1 | _aTodesca, Jorge | |
| 856 | 4 | 1 |
_uhttps://biblioeco.unsa.edu.ar/pmb/images/libros/L127644.jpg _yImagen de portada _qimage/jpeg |
| 999 |
_c4441 _d4441 |
||